Quick Pick: '70s Teen Idol Hits Quiz Stats

Quiz Updated Aug 16, 2017

Challenge
Share
Tweet
Embed
Score 0/15 Timer 01:30
2 Plays Today
% Correct
The Jackson 5
87%
Michael Jackson
79.8%
Bay City Rollers
64.3%
Andy Gibb
56.8%
Marie Osmond
52.1%
The Partridge Family
49.2%
The Osmonds
46.3%
Donny Osmond
46.1%
% Correct
Shaun Cassidy
41.2%
Bobby Sherman
39.9%
The DeFranco Family
33.6%
John Travolta
30.5%
Leif Garrett
29.8%
David Cassidy
28.1%
Rex Smith
26.4%

Today's Daily Dose

You're not logged in!

Compare scores with friends on all Sporcle quizzes.
Sign Up with Email
OR
Log In

You Might Also Like...

Show Comments

Extras

Top Quizzes Today


Score Distribution

Your Account Isn't Verified!

In order to create a playlist on Sporcle, you need to verify the email address you used during registration. Go to your Sporcle Settings to finish the process.